000 00535cam a2200205ua 4500
020 _a81 86231 02 1
_c595.00
041 _aeng
_h
082 _a631.586
_bPRA/TE
100 _aPratab , Singh .
245 _aTechnology for dryland agriculture /
_cPratab singh.
_hTextual Documents
250 _a1 /
_b.
260 _aNew Delhi :
_bHimanshu Publications ,
_c1995.
300 _a332 ; .
365 _a595.00
504 _a
700 1 _aJaspal , Singh .
700 1 _aMathur, S M .
942 _cBK
999 _c7428
_d7428